Gestión de empresas. Sector Industrial (Registro nro. 4457)

Detalles MARC
000 -LEADER
fixed length control field 01582 a2200373 4500
001 - CONTROL NUMBER
control field 47744
005 - DATE AND TIME OF LATEST TRANSACTION
control field 20260407155744.0
008 - FIXED-LENGTH DATA ELEMENTS--GENERAL INFORMATION
fixed length control field 260407a2015 arg spa d
003 - CONTROL NUMBER IDENTIFIER
control field AR-UNSa-BCEJYS
040 ## - CATALOGING SOURCE
Original cataloging agency AR-UNSa-BCEJYS
Language of cataloging spa
Transcribing agency AR-UNSa-BCEJYS
080 ## - UNIVERSAL DECIMAL CLASSIFICATION NUMBER
Universal Decimal Classification number 658.012.32
Common auxiliary subdivision Formas de organización, de gestión
020 ## - INTERNATIONAL STANDARD BOOK NUMBER
International Standard Book Number 978-987-716-040-6
041 ## - LANGUAGE CODE
Language code of text/sound track or separate title spa
100 1# - MAIN ENTRY--PERSONAL NAME
Personal name Yardin, Amaro Ramón
245 10 - TITLE STATEMENT
Title Gestión de empresas. Sector Industrial
264 #1 - PRODUCTION, PUBLICATION, DISTRIBUTION, MANUFACTURE, AND COPYRIGHT NOTICE
Place of production, publication, distribution, manufacture Buenos Aires :
Name of producer, publisher, distributor, manufacturer Osmar D. Buyatti
Date of production, publication, distribution, manufacture, or copyright notice 2015
300 ## - PHYSICAL DESCRIPTION
Extent 500 p.
Dimensions 22 cm.
505 ## - FORMATTED CONTENTS NOTE
Formatted contents note 1. Gestión de industrias azucareras - 2. Gestión de industrias productoras de biocombustibles - 3. Gestión de industrias citrícolas - 4. Gestión de empresas constructoras - 5. Gestión de industrias frigoríficas - 6. Gestión de industrias lácteas - 7. Gestión de industrias metalmecanicas - 8. Gestión de industrias del mueble - 9. Gestión de industrias petroquímicas - 10. Gestión de industrias textiles laneras
590 ## - LOCAL NOTE (RLIN)
Local note niveau_biblio:m niveau_hierar:0
700 1# - ADDED ENTRY--PERSONAL NAME
Personal name Sota, Aldo Mario
700 1# - ADDED ENTRY--PERSONAL NAME
Personal name Sota, Gustavo Ariel
700 1# - ADDED ENTRY--PERSONAL NAME
Personal name Peralta, Natalia
700 1# - ADDED ENTRY--PERSONAL NAME
Personal name Alessandro, José M.
700 1# - ADDED ENTRY--PERSONAL NAME
Personal name Di Stefano, Victorio
700 1# - ADDED ENTRY--PERSONAL NAME
Personal name Puccio, José
700 1# - ADDED ENTRY--PERSONAL NAME
Personal name Cartier, Enrique Nicolás
700 1# - ADDED ENTRY--PERSONAL NAME
Personal name Di Renzo, Diego
700 1# - ADDED ENTRY--PERSONAL NAME
Personal name Demonte, Norberto Gabriel
700 1# - ADDED ENTRY--PERSONAL NAME
Personal name Zoff, Hernán
700 1# - ADDED ENTRY--PERSONAL NAME
Personal name Podmoguilnye, Marcelo Gustavo
700 1# - ADDED ENTRY--PERSONAL NAME
Personal name Kuster, Christian
856 41 - ELECTRONIC LOCATION AND ACCESS
Uniform Resource Identifier <a href="https://www.biblioeco.unsa.edu.ar/pmb/images/libros/L127667.jpg">https://www.biblioeco.unsa.edu.ar/pmb/images/libros/L127667.jpg</a>
Link text Imagen de portada
Electronic format type image/jpeg
942 ## - ADDED ENTRY ELEMENTS (KOHA)
Koha item type
Existencias
Withdrawn status Lost status Damaged status Not for loan Home library Current library Shelving location Date acquired Total checkouts Full call number Barcode Date last seen Price effective from Koha item type Public note
        Biblioteca Prof. Eusebio Cleto del Rey Biblioteca Prof. Eusebio Cleto del Rey   07/04/2026   658.012.32 Y27i L127667 07/04/2026 07/04/2026 Libro  
        Biblioteca Prof. Eusebio Cleto del Rey Biblioteca Prof. Eusebio Cleto del Rey   07/04/2026   658.012.32 Y27i L127722 07/04/2026 07/04/2026 Libro  
        Biblioteca Prof. Eusebio Cleto del Rey Biblioteca Prof. Eusebio Cleto del Rey   07/04/2026   658.012.32 Y27i L127723 07/04/2026 07/04/2026 Libro CANTO SUPERIOR MANCHADO EN SUS PRIMERAS PÁGINAS
        Biblioteca Prof. Eusebio Cleto del Rey Biblioteca Prof. Eusebio Cleto del Rey   07/04/2026   658.012.32 Y27i L127724 07/04/2026 07/04/2026 Libro